| 000 | 01383cad a22002535a 4500 | ||
|---|---|---|---|
| 001 | L138010 | ||
| 008 | 070511s2007 xxk f l f000 0 eng d | ||
| 035 | _a(Sirsi) u138010 | ||
| 041 | 0 | _aeng | |
| 110 | 1 |
_aUnited Kingdom _bCentral Office of Information _bDirectGov _95169 |
|
| 245 | 0 | 4 |
_aThe Home Information Pack Regulations 2007 _bprocedural guidance |
| 260 |
_aLondon _bDCLG _c2007 |
||
| 520 | _aProvides guidance on providing HIPs in accordance with the HIP Regulations 2007. Aimed at property professionals in the home buying and selling process. Covers pack provisions, the process of assembling their contents, accuracy and checking of packs, and availability of information. Lists exceptions to the regulations. Covers methods of enforcement, and approved certification schemes. Also deals with the Home Condition Report Register. | ||
| 590 | _aKA NTK | ||
| 650 | 2 | 4 | _aHOUSING ACT 2004 PART V |
| 650 | 2 | 4 | _aHOME INFORMATION PACK REGULATIONS 2007 |
| 650 | 2 | 4 | _aHOME INFORMATION PACKS |
| 650 | 2 | 4 | _aHOME CONDITION REPORTS |
| 651 | 4 |
_aEngland and Wales _y1543- |
|
| 690 | _aPROPERTY-PROPERTY ACQUISITION AND DISPOSAL | ||
| 710 | 1 |
_aUnited Kingdom _bDepartment for Communities and Local Government _94939 |
|
| 856 | 4 | 0 |
_uhttps://www.homeinformationpack.gov.uk/industry/137_pubregulations.html _zView the item free of chart at www.homeinformationpack.gov.uk |
| 942 | _n0 | ||
| 999 |
_c106969 _d106969 |
||